000 00313nam a22001337a 4500
008 180301b xxu||||| |||| 00| 0 eng d
020 _a9780802774842
041 _aeng
080 _a610
100 _a4
101 _aSHM
245 _aFibro-Myalgia: A Comprehensive Approach
_cWilliamson, M.E
942 _2udc
_cBK
999 _c43769
_d43769